000 00890cam a2200205 4500
001 ABS65371
008 020501n2002 000 0 eng u
035 _a(Sirsi) u117807
100 _aWilliams, D
245 _aOne year after CCl: it's business as usual
260 _c2002
490 _aBuilding Trade and Industry
_v18(4) April 2002, 6(1)
520 _aDiscusses whether Climate Charge Levy has had any effect, one year after its inception. CCL, introduced to produce a reduction in energy use and carbon dioxide emissions, has not been widely taken up, as building owners and specifiers have not totally understood its mechanics. Argues it may need to be more punitive.
590 _aABS
650 _aCLIMATE CHARGE LEVY
650 _aCARBON DIOXIDE
650 _aENERGY USE
690 _aENVIRONMENTAL AND LAND CONSULTANCY-ENERGY-ENERGY USE-ENERGY EFFICIENCY
942 _n0
999 _c70152
_d70152